000 00968 a2200229 4500
003 Nust
005 20221116164855.0
010 _a 97046601
020 _a3540761748 (Berlin : alk. paper)
040 _cNust
082 0 0 _a621.366,STE
100 1 _aSteen, W. M.
_9102727
245 1 0 _aLaser material processing /
_cWilliam M. Steen.
250 _a2nd ed.
260 _aLondon ;
_aNew York :
_bSpringer,
_c1998.
300 _axiv, 346 p. :
_bill. ;
_c24 cm.
505 _aBackground and General Applications (Page-11), Basic Laser Optics (Page-58), Laser Cutting(Page-103), Laser Welding (Page-147), Heat Flow Theory (Page-190), Laser Surface Treatment(Page-218), Rapid prototyping and Low Volume Manufacture (Page-272),Laser Automation and In-Process Sensing (Page-293), Laser Safety (Page-321).
650 0 _aLasers
_xIndustrial applications.
650 0 _aPrototypes, Engineering.
_918592
650 0 _aTelecommunication Engineering
942 _cREF
_2ddc
999 _c175566
_d175566